000 00585nam a2200217Ia 4500
003 OSt
005 20220927105346.0
006 a|||||r|||| 00| 0
007 ta
008 220926b |||||||| |||| 00| 0 eng d
024 _a191588
037 _cReference Collections
040 _aRTL
_cRTL
_beng
041 _2eng
_aeng
082 _a"X9(J:24).2s, P5/GD"
245 0 _aFertilisser Statitics 2004-05
260 _aN.D
_bShaheed Jit Singh Marg
_c2005
300 _a411p
_ccm.
942 _h"X9(J:24).2s, P5/GD"
_cCC
999 _c692093
_d692093